Statistics for Words With Three A's

Click here to take the quiz!

General Stats

  • This quiz has been taken 39 times
  • The average score is 12 of 20

Answer Stats

ClueAnswer% Correct
The Largest U.S StateAlaska
100%
The Most Sold FruitBanana
89%
Llama LookalikeAlpaca
86%
Layered PastaLasagna
83%
Mosquito-Induced DiseaseMalaria
80%
____Falls (New York)Niagara
80%
___CanalPanama
80%
Sleeping ClothesPajama
74%
Sacred Month For MuslimsRamadan
71%
Fleet Of WarshipsArmada
60%
Letter RearrangementAnagram
57%
A Samurai's SwordKatana
54%
East African PlainSavanna
43%
MarketplaceBazaar
40%
Profile PictureAvatar
37%
PineappleAnanas
34%
Orange FruitPapaya
31%
Head ClothBandana
26%
South American Card GameCanasta
20%
Geometric Drawing In A CircleMandala
20%

Score Distribution

Percentile by Number Answered

Percent of People with Each Score

Your Score History

You have not taken this quiz